[Event "GER-ch U25-B"]
[Site "Willingen"]
[Date "2019.06.12"]
[Round "5"]
[White "Wichert, Eddi"]
[Black "Astner, Sebastian"]
[Result "0-1"]
[WhiteElo "1702"]
[BlackElo "1870"]
[PlyCount "80"]
[EventDate "2019.06.08"]
[EventType "swiss"]
[EventRounds "9"]
[EventCountry "GER"]
[SourceTitle "CBM 191 Extra"]
[Source "ChessBase"]
[SourceDate "2019.09.30"]
[SourceVersion "1"]
[SourceVersionDate "2019.09.30"]
[SourceQuality "1"]

1. e4 c6 2. d4 d5 3. e5 Bf5 4. Nf3 e6 5. Be2 Nd7 6. 0-0 h6 7. c4 Ne7 8. Be3 dxc4 9. Bxc4 Nb6 10. b3 Ned5 11. Bd3 Bxd3 12. Qxd3 Be7 13. Nbd2 0-0 14. Nc4 Rc8 15. Rac1 c5 16. Rfd1 cxd4 17. Bxd4 Nxc4 18. bxc4 Nb4 19. Qe4 Qc7 20. a3 Nc6 21. Rc3 Rfd8 22. Rdd3 Nxd4 23. Nxd4 a6 24. h3 Bc5 25. Nc2 Rxd3 26. Rxd3 Rd8 27. Rb3 b6 28. Ne3 Rd4 29. Qa8+ Kh7 30. Qxa6 Qxe5 31. Qb5 Rd2 32. Rb1 Qf4 33. Rf1 Bxe3 34. fxe3 Qxe3+ 35. Kh1 Qe2 36. Rg1 Qf2 37. a4 Rb2 38. Qc6 Qf5 39. Rc1 Qf4 40. Re1 Rb4 0-1

[Event "GER-ch U25-B"]
[Site "Willingen"]
[Date "2019.06.11"]
[Round "4"]
[White "Wichert, Eddi"]
[Black "Zell, Mirjam"]
[Result "1-0"]
[WhiteElo "1702"]
[BlackElo "1660"]
[PlyCount "79"]
[EventDate "2019.06.08"]
[EventType "swiss"]
[EventRounds "9"]
[EventCountry "GER"]
[SourceTitle "CBM 191 Extra"]
[Source "ChessBase"]
[SourceDate "2019.09.30"]
[SourceVersion "1"]
[SourceVersionDate "2019.09.30"]
[SourceQuality "1"]

1. e4 e5 2. Nf3 Nc6 3. Bc4 Bc5 4. 0-0 Nf6 5. d3 d6 6. h3 h6 7. c3 a6 8. d4 exd4 9. cxd4 Ba7 10. Re1 0-0 11. Nc3 Re8 12. Bf4 Ne7 13. Qb3 Rf8 14. e5 Nh5 15. Bh2 b5 16. Bd5 Nxd5 17. Qxd5 Be6 18. Qc6 Bd7 19. Qd5 Be6 20. Qc6 Bd7 21. Qe4 c5 22. dxc5 dxe5 23. Qxe5 Nf6 24. Nd5 Nxd5 25. Qxd5 Qc8 26. Bd6 Rd8 27. Re7 Be6 28. Qe5 Rd7 29. Rxd7 Qxd7 30. Rc1 Re8 31. c6 Qc8 32. c7 Bxh3 33. gxh3 Rxe5 34. Nxe5 Bb6 35. Nc6 Kh7 36. Ne7 Qxh3 37. c8Q Bxf2+ 38. Kxf2 Qh4+ 39. Kf3 Qh5+ 40. Qg4 1-0

[Event "GER-ch U25-B"]
[Site "Willingen"]
[Date "2019.06.10"]
[Round "3"]
[White "Diegel, Yannick"]
[Black "Wichert, Eddi"]
[Result "0-1"]
[WhiteElo "1411"]
[BlackElo "1702"]
[PlyCount "62"]
[EventDate "2019.06.08"]
[EventType "swiss"]
[EventRounds "9"]
[EventCountry "GER"]
[SourceTitle "CBM 191 Extra"]
[Source "ChessBase"]
[SourceDate "2019.09.30"]
[SourceVersion "1"]
[SourceVersionDate "2019.09.30"]
[SourceQuality "1"]

1. c4 e5 2. Nc3 Nf6 3. d3 d5 4. cxd5 Nxd5 5. g3 Nc6 6. Bg2 Nb6 7. a3 Be7 8. Nf3 0-0 9. 0-0 Be6 10. b4 f6 11. Ne4 g5 12. Qd2 g4 13. Nh4 Nd4 14. Rb1 c6 15. Nc5 Bc8 16. e3 Ne6 17. Qa2 Nd5 18. e4 Nc3 19. Nxe6 Nxa2 20. Nxd8 Nxc1 21. Rbxc1 Rxd8 22. Rc3 a5 23. Rb1 Rd4 24. b5 Ra4 25. bxc6 bxc6 26. Rb6 Rxa3 27. Rxa3 Bxa3 28. Rxc6 a4 29. Rc2 Bb4 30. Nf5 a3 31. Ra2 Be6 0-1